| 000 | 00572nam a2200121Ia 4500 | ||
|---|---|---|---|
| 008 | 160712s9999 xx 000 0 und d | ||
| 100 | _aPinzon, Mary Jannette L. | ||
| 245 |
_cMary Jannette L. Pinzon _aStruggle between Tradition and Change: The Effects of Feminization of Labor Migration on Division of Labor, Sexual and Gendered Roles of OFWs and Left-Behind Husband/Father and Wife/Mother |
||
| 260 |
_c2013 _bDiliman Review |
||
| 300 | _avol. 60 no. 1-4 | ||
| 650 | _xLABOR MIGRATION | ||
| 856 | _uhttp://journals.upd.edu.ph/index.php/dilimanreview/issue/view/515/showToc | ||
| 999 |
_c297311 _d297311 |
||